Instant Horticulture (Record no. 295129)

MARC details
000 -LEADER
fixed length control field 00437nam a22001817a 4500
003 - CONTROL NUMBER IDENTIFIER
control field OSt
005 - DATE AND TIME OF LATEST TRANSACTION
control field 20250801111344.0
008 - FIXED-LENGTH DATA ELEMENTS--GENERAL INFORMATION
fixed length control field 240901b |||||||| |||| 00| 0 eng d
020 ## - INTERNATIONAL STANDARD BOOK NUMBER
International Standard Book Number 9788183601153
082 ## - DEWEY DECIMAL CLASSIFICATION NUMBER
Classification number 635
100 ## - MAIN ENTRY--PERSONAL NAME
Personal name Gupta,S N
245 ## - TITLE STATEMENT
Title Instant Horticulture
250 ## - EDITION STATEMENT
Edition statement 20th ed.
Remainder of edition statement 2022 Reprint with Corrections
260 ## - PUBLICATION, DISTRIBUTION, ETC. (IMPRINT)
Place of publication, distribution, etc. New Delh;
Name of publisher, distributor, etc. Jain Brothers,
Date of publication, distribution, etc. 2021.
300 ## - PHYSICAL DESCRIPTION
Extent 440p.
942 ## - ADDED ENTRY ELEMENTS (KOHA)
Koha item type Books (General)
942 ## - ADDED ENTRY ELEMENTS (KOHA)
Source of classification or shelving scheme Dewey Decimal Classification
Suppress in OPAC 0
Holdings
Withdrawn status Lost status Source of classification or shelving scheme Damaged status Not for loan Home library Current library Date acquired Total Checkouts Full call number Barcode Date last seen Date checked out Price effective from Koha item type Total Renewals
    Dewey Decimal Classification     College of Agriculture, Wayanad College of Agriculture, Wayanad 01/09/2024 1 635 GUP/IN KAU_COAW-002305 28/03/2025 25/03/2025 01/09/2024 Books (General)  
    Dewey Decimal Classification     College of Agriculture, Wayanad College of Agriculture, Wayanad 01/09/2024 1 635 GUP/IN KAU_COAW-001759 11/07/2025 28/05/2025 01/09/2024 Books (General) 2
Kerala Agricultural University Central Library
Thrissur-(Dt.), Kerala Pin:- 680656, India
Ph : (+91)(487) 2372219
E-mail: librarian@kau.in
Website: http://library.kau.in/